| 000 | 00538nam a2200181Ia 4500 | ||
|---|---|---|---|
| 003 | GCL | ||
| 008 | 140319s9999 xx 000 0 ara d | ||
| 040 |
_aGCL / _cGCL |
||
| 082 | 0 | 4 |
_a923.1 _bع ر |
| 100 | 1 | _aعبدالحميد سالم | |
| 245 | 1 | 0 |
_aرب الحرب, او, نابليون الاول / _cعبدالحميد سالم |
| 300 | _a158 ص | ||
| 490 | _a | ||
| 650 | 0 | 4 | _aنابليون بونابرت |
| 650 | 0 | 4 | _aفرنسا , تاريخ , العصر الحديث |
| 650 | 0 | 4 | _aفرنسا - تاريخ |
| 942 |
_2ddc _cBK |
||
| 999 |
_c44380 _d44380 |
||